القوة الكامنة للشبكات الاجتماعية : (Record no. 3119)

MARC details
000 -LEADER
fixed length control field 01023nam a2200217 ar4500
001 - CONTROL NUMBER
control field 3121
005 - DATE AND TIME OF LATEST TRANSACTION
control field 20221127090659.0
008 - FIXED-LENGTH DATA ELEMENTS--GENERAL INFORMATION
fixed length control field 130226s su a 00010|ara d
020 ## - INTERNATIONAL STANDARD BOOK NUMBER
International Standard Book Number 9789960142067
082 04 - DEWEY DECIMAL CLASSIFICATION NUMBER
Classification number 658
Item number ك673
100 1# - MAIN ENTRY--PERSONAL NAME
Personal name كروس، روب.
245 12 - TITLE STATEMENT
Title القوة الكامنة للشبكات الاجتماعية :
Remainder of title فهم كيف يتم حقيقة انجاز العمل في المنظمات /
Statement of responsibility, etc. تاليف روب كروس، اندرو باركر ؛ ترجمة ييوسف المليفي ؛ راجع الترجمة عبداللطيف النعيم.
260 ## - PUBLICATION, DISTRIBUTION, ETC.
Place of publication, distribution, etc. الرياض :
Name of publisher, distributor, etc. معهد الادارة العامة،
Date of publication, distribution, etc. 2012.
300 ## - PHYSICAL DESCRIPTION
Extent 235 ص. :
Other physical details ايض. ؛
Dimensions 24 سم.
504 ## - BIBLIOGRAPHY, ETC. NOTE
Bibliography, etc. note يتضمن ببليوجرافيا.
650 #4 - SUBJECT ADDED ENTRY--TOPICAL TERM
Topical term or geographic name entry element ادارة الاعمال
General subdivision سلوك.
650 #4 - SUBJECT ADDED ENTRY--TOPICAL TERM
Topical term or geographic name entry element الشبكات الاجتماعية.
650 #4 - SUBJECT ADDED ENTRY--TOPICAL TERM
Topical term or geographic name entry element القيادة الادارية.
700 0# - ADDED ENTRY--PERSONAL NAME
Personal name باركر، اندرو،
Relator term م. مشارك.
700 0# - ADDED ENTRY--PERSONAL NAME
Personal name المليفي، يوسف بن عبدالله،
Relator term مترجم.
Holdings
Withdrawn status Lost status Source of classification or shelving scheme Damaged status Not for loan Home library Current library Date acquired Total Checkouts Full call number Barcode Date last seen Copy number Price effective from Koha item type
              11/27/2022   658 DF673 1000000010691 11/27/2022 ل 1 11/27/2022 Book